Centroamérica: fisonomía de una región
Uloženo v:
| Hlavní autor: | |
|---|---|
| Médium: | Kniha |
| Jazyk: | španělština |
| Vydáno: |
Ciudad de México
PECA-CIDE
1986
|
| Edice: | Relaciones Centroamericana-México, 10
|
| Témata: | |
| Tagy: |
Přidat tag
Žádné tagy, Buďte první, kdo vytvoří štítek k tomuto záznamu!
|
MARC
| LEADER | 00000nam a2200000 a 4500 | ||
|---|---|---|---|
| 001 | UCX2483 | ||
| 003 | CL-VaPUC | ||
| 008 | 910520e19860000MX |||||||||||||||||spa|d | ||
| 082 | 0 | 4 | |a 327.728 |b VUS |2 21 |
| 100 | 0 | |a Vuskovic Céspedes, Pedro |e author |9 318423 | |
| 245 | 1 | 0 | |a Centroamérica: fisonomía de una región |
| 300 | |a 107 p | ||
| 942 | |c BK | ||
| 945 | |d 19910520 00:00:00 | ||
| 260 | |a Ciudad de México |b PECA-CIDE |c 1986 | ||
| 650 | 0 | |a Relaciones Exteriores |9 255379 | |
| 650 | 0 | |a Política y gobierno |9 255151 | |
| 650 | 0 | |a Condiciones económicas |9 258255 | |
| 651 | 0 | |a América Central |9 255026 | |
| 651 | 0 | |a México |9 255269 | |
| 583 | |a last modification |c 19910520 00:00:00 |k Rodrigo Vera | ||
| 490 | 0 | |a Relaciones Centroamericana-México, 10 | |
| 999 | |c 223493 |d 223491 | ||
| 952 | |0 0 |1 0 |4 0 |6 327_728000000000000_VUS_1986 |7 0 |8 A |9 219356 |a BIBHIS |b BIBHIS |d 2019-11-15 |i 2880997 |o 327.728 VUS 1986 |p 2880997 |r 2025-01-20 |w 2019-11-15 |y BK |k HIS | ||
| 952 | |0 0 |1 0 |4 0 |6 327_728000000000000_VUS_1986 |7 0 |8 A |9 219357 |a BIBHIS |b BIBHIS |d 2019-11-15 |i 2881004 |o 327.728 VUS 1986 |p 2881004 |r 2025-01-20 |w 2019-11-15 |y BK |k HIS | ||